<?xml version="1.0" encoding="UTF-8"?>
<record
    xmlns:xsi="http://www.w3.org/2001/XMLSchema-instance"
    xsi:schemaLocation="http://www.loc.gov/MARC21/slim http://www.loc.gov/standards/marcxml/schema/MARC21slim.xsd"
    xmlns="http://www.loc.gov/MARC21/slim">

  <leader>00459nam a22001697a 4500</leader>
  <datafield tag="999" ind1=" " ind2=" ">
    <subfield code="c">10583</subfield>
    <subfield code="d">10583</subfield>
  </datafield>
  <controlfield tag="003">OSt</controlfield>
  <controlfield tag="008">210326b           ||||| |||| 00| 0 eng d</controlfield>
  <datafield tag="020" ind1=" " ind2=" ">
    <subfield code="a">9788177585414</subfield>
  </datafield>
  <datafield tag="082" ind1=" " ind2=" ">
    <subfield code="a">540FIC</subfield>
  </datafield>
  <datafield tag="100" ind1=" " ind2=" ">
    <subfield code="a">FINAR,I.L.</subfield>
  </datafield>
  <datafield tag="245" ind1=" " ind2=" ">
    <subfield code="a">Organic Chemistry </subfield>
    <subfield code="b">Volume 2 : Stereo chemistry and the chemistry natural products</subfield>
  </datafield>
  <datafield tag="250" ind1=" " ind2=" ">
    <subfield code="a">5th</subfield>
  </datafield>
  <datafield tag="260" ind1=" " ind2=" ">
    <subfield code="a">New Delhi</subfield>
    <subfield code="b">Pearson</subfield>
    <subfield code="c">2020</subfield>
  </datafield>
  <datafield tag="300" ind1=" " ind2=" ">
    <subfield code="a">956</subfield>
  </datafield>
  <datafield tag="650" ind1=" " ind2=" ">
    <subfield code="a">Pharmaceutical Organic Chemisty</subfield>
  </datafield>
  <datafield tag="942" ind1=" " ind2=" ">
    <subfield code="2">ddc</subfield>
    <subfield code="c">BK</subfield>
    <subfield code="0">2</subfield>
  </datafield>
  <datafield tag="952" ind1=" " ind2=" ">
    <subfield code="0">0</subfield>
    <subfield code="1">0</subfield>
    <subfield code="2">ddc</subfield>
    <subfield code="4">0</subfield>
    <subfield code="7">0</subfield>
    <subfield code="8">BP</subfield>
    <subfield code="a">PIET</subfield>
    <subfield code="b">PIET</subfield>
    <subfield code="d">2021-03-17</subfield>
    <subfield code="e">Kirti Prakashan</subfield>
    <subfield code="f">In Rupees</subfield>
    <subfield code="g">999.00</subfield>
    <subfield code="k">IN1864</subfield>
    <subfield code="l">0</subfield>
    <subfield code="o">547 FIO</subfield>
    <subfield code="p">BP1634</subfield>
    <subfield code="r">2021-03-26 00:00:00</subfield>
    <subfield code="v">679.32</subfield>
    <subfield code="w">2021-03-17</subfield>
    <subfield code="y">REF</subfield>
  </datafield>
  <datafield tag="952" ind1=" " ind2=" ">
    <subfield code="0">0</subfield>
    <subfield code="1">0</subfield>
    <subfield code="2">ddc</subfield>
    <subfield code="4">0</subfield>
    <subfield code="7">0</subfield>
    <subfield code="8">BP</subfield>
    <subfield code="a">PIET</subfield>
    <subfield code="b">PIET</subfield>
    <subfield code="d">2021-03-17</subfield>
    <subfield code="e">Kirti Prakashan</subfield>
    <subfield code="f">In Rupees</subfield>
    <subfield code="g">999.00</subfield>
    <subfield code="k">IN1864</subfield>
    <subfield code="l">1</subfield>
    <subfield code="o">547 FIO</subfield>
    <subfield code="p">BP1635</subfield>
    <subfield code="r">2022-08-29 00:00:00</subfield>
    <subfield code="s">2022-08-16</subfield>
    <subfield code="v">679.32</subfield>
    <subfield code="w">2021-03-17</subfield>
    <subfield code="y">BK</subfield>
  </datafield>
  <datafield tag="952" ind1=" " ind2=" ">
    <subfield code="0">0</subfield>
    <subfield code="1">0</subfield>
    <subfield code="2">ddc</subfield>
    <subfield code="4">0</subfield>
    <subfield code="7">0</subfield>
    <subfield code="8">BP</subfield>
    <subfield code="a">PIET</subfield>
    <subfield code="b">PIET</subfield>
    <subfield code="d">2021-03-17</subfield>
    <subfield code="e">Kirti Prakashan</subfield>
    <subfield code="f">In Rupees</subfield>
    <subfield code="g">999.00</subfield>
    <subfield code="k">IN1864</subfield>
    <subfield code="l">1</subfield>
    <subfield code="o">547 FIO</subfield>
    <subfield code="p">BP1636</subfield>
    <subfield code="r">2022-08-16 00:00:00</subfield>
    <subfield code="s">2022-07-21</subfield>
    <subfield code="v">679.32</subfield>
    <subfield code="w">2021-03-17</subfield>
    <subfield code="y">BK</subfield>
  </datafield>
</record>
